Cartoon Network Shows by Character Quiz Stats

 Plays Quiz not verified by Sporcle

Support Sporcle.
Go Orange.
Score 0/15 Timer 10:00
0 Plays Today
% Correct
Adventure Time
88.7%
Regular Show
77.4%
Johnny Test
59.6%
Courage the Cowardly Dog
55.9%
Chowder
49.3%
Destroy Build Destroy
25.4%
Young Justice
22.2%
Star Wars The Clone Wars
21.2%
% Correct
MAD
19.1%
Dude What Would Happen
12.5%
Ben 10 Ultimate Alien
11.7%
Sym Bionic Titan
6.7%
Hole in the Wall
6%
Scooby Doo Mystery Incorperated
5.6%
Robotomy
4.7%

You're not logged in!

Compare scores with friends on all Sporcle quizzes.
OR
Log In

From the Vault

NBC Sitcom Last Name Extravaganza!

by DanTravers

If you can't remember the surname of the title character on Seinfeld, you're in trouble.
Remove Ads.
Support Sporcle.
Get the best of Sporcle when you Go Orange. This ad-free experience offers more features, more stats, and more fun while also helping to support Sporcle. Thank you for becoming a member.

Show Comments

Extras

Top Quizzes Today


Score Distribution

Your Account Isn't Verified!

In order to create a playlist on Sporcle, you need to verify the email address you used during registration. Go to your Sporcle Settings to finish the process.

Report this User

Report this user for behavior that violates our Community Guidelines.

Details: